| 000 | 00362nam a2200145Ia 4500 | ||
|---|---|---|---|
| 008 | 150201s2001 xx 000 0 und d | ||
| 082 |
_a617 _bO2001T |
||
| 100 | _aTEN-CATE | ||
| 245 | _aORAL HISTOLOGY | ||
| 250 | _a5TH | ||
| 260 |
_bHARCOURT INDIA PRIVATE LIMITED _aGREATER KAILASH-2 _c2001 |
||
| 300 | _a1-497 | ||
| 650 | _aDENTAL ANATOMY | ||
| 942 |
_2ddc _cBK _01 |
||
| 999 |
_c2678 _d2678 |
||